Statistics for Big Hero 6

Click here to take the quiz!

General Stats

  • This quiz has been taken 336 times
    (311 since last reset)
  • The average score is 8 of 15

Answer Stats

Hint Answer % Correct
How did Tadashi die?Fire
89%
How old is Hiro?14
78%
What are Hiro's 'tiny robots' called?Microbots
77%
Who is the man in the mask?Professor Robert Callaghan
71%
What is Hiro's last name?Hamada
65%
What vehicle does Tadashi drive?Scooter
63%
What is the name of Hiro's Aunt?Cas
55%
What does Hiro call Tadashi's University?Nerd School
54%
What popular band sings the theme tune to the movie?Fall Out Boy
53%
Where do all of the characters live?San Fransokyo
50%
Who goes to jail at the start of the film?Tadashi
42%
What is Callaghan's daughter called?Abigail
36%
BONUS QUESTION! Who voices Freds dad?Stan Lee
34%
What kind of suspension does GoGo's bike have ?Electromagnetic
16%
What are Baymax's pants made from?Carbon Fibre
12%

Score Distribution

Percentile by Number Answered

Percent of People with Each Score

Your Score History

You have not taken this quiz since the last reset